01005nam a2200241 a 4500001001000000003000500010005001700015008004100032010001100073011001100084040000900095100003100104245020900135260004100344500006000385502007100445650002300516650003200539650002600571650005700597700003900654856007000693000113645CHAP20220329144406.0170904s2017 mx a fsm |||||||spa d a110106 a111078 cCHAP1 aCortés Briones, Cristina10aProgama para el cálculo de eficiencia térmica, grados días de desarrollo, evapotranspiración y balance hídrico /h[En línea]cpor Cristina Cortés Briones y Justo Reinaldo Manríquez Vargas. aChapingo, Méx. :bEl autor,c2017. aPara ver el contenido del material haga clic en la liga aTesis (Ing. de Irrigación) -- UACH. Departamento de Irrigación14aBalance hídrico.14aCultivosxEfecto del clima.14aEvapotranspiración.14aProcesamiento automático de datos en irrigación.1 aManríquez Vargas, Justo Reynaldo aFinding aiduhttp://10.13.5.2/tesis/sist113645.pdfzTeclea aquí